| 000 | 00391 a2200157 4500 | ||
|---|---|---|---|
| 999 |
_c12903 _d12903 |
||
| 003 | OSt | ||
| 005 | 20240806172734.0 | ||
| 008 | 240806b ||||| |||| 00| 0 eng d | ||
| 020 | _a9781851774913 | ||
| 082 | _a629.0470943 | ||
| 100 | _a Helen Evenden | ||
| 245 | _aMoving Forward: New Directions in Transport Design | ||
| 260 |
_bV & A Publishing _c2007 |
||
| 300 | _a127p; | ||
| 942 | _2ddc | ||